Participación ciudadana y polítcas sociales del ámbito local /

Đã lưu trong:
Chi tiết về thư mục
Tác giả chính: Ziccardi, Alicia
Nhiều tác giả của công ty: Universidad Autónoma de México. Instituto de Investigaciones Sociales, Consejo Mexicano de Ciencias Sociales Instituto Nacional de Desarrollo Social
Tác giả khác: coord
Định dạng: Texto
Được phát hành: México, D.F.: UNAM. INDESOL. COMERCSO
Những chủ đề:
Các nhãn: Thêm thẻ
Không có thẻ, Là người đầu tiên thẻ bản ghi này!

MARC

LEADER 00000 a a2200000 04500
001 30315
003
040
020 |a 970-32-1811-3  
090 |a 194605  
100 |a Ziccardi, Alicia  
110 |a Universidad Autónoma de México. Instituto de Investigaciones Sociales  
245 |a Participación ciudadana y polítcas sociales del ámbito local /  |c Universidad Autónoma de México. Instituto de Investigaciones Sociales  
260 |a México, D.F.:   |b UNAM. INDESOL. COMERCSO  
300 |a 462 p  
650 |a PARTICIPACION POLITICA  
650 |a DESCENTRALIZACION  
650 |a PARTICIPACION COMUNITARIA  
650 |a DELEGACION DE LA TOMA DE DECISIONES  
700 |a coord.  
710 |a Consejo Mexicano de Ciencias Sociales   |a Instituto Nacional de Desarrollo Social  
999 |c 15101  |d 15101